000 00472nam a2200169Ia 4500
008 151213s9999 xx 000 0 und d
020 _a81-297-0251-7
100 _aGeoffry Leach , Jan Svartuik
245 _aA. Communicative Crammer of English
_cGeoffry Leach , Jan Svartuik
250 _a2nd
260 _aIndia
_bPearson Education
_c2002
300 _a5516 p.
650 _aEnglish
650 _aEnglish
700 _aGeoffry Leach , Jan Svartuik
999 _c3303
_d3303